Unravelling airtightness (Record no. 71935)
[ view plain ]
| 000 -LEADER | |
|---|---|
| fixed length control field | 01232cam a2200205 4500 |
| 001 - CONTROL NUMBER | |
| control field | X121053 |
| 008 - FIXED-LENGTH DATA ELEMENTS--GENERAL INFORMATION | |
| fixed length control field | 030117n2002 000 0 eng u |
| 035 ## - SYSTEM CONTROL NUMBER | |
| System control number | (Sirsi) u121053 |
| 100 ## - MAIN ENTRY--PERSONAL NAME | |
| Personal name | Cowlin, F. |
| 245 ## - TITLE STATEMENT | |
| Title | Unravelling airtightness |
| 260 ## - PUBLICATION, DISTRIBUTION, ETC. | |
| Date of publication, distribution, etc. | 2002 |
| 490 ## - SERIES STATEMENT | |
| Series statement | Building Control |
| Volume/sequential designation | (135) November 2002, 4-5(2) |
| 520 ## - SUMMARY, ETC. | |
| Summary, etc. | Overview of what is required under the new Building Regulations Approved Document L2 (2002 Edition) which came into force on 1 April 2002. These mean new buildings with excessive air leakage will no longer be acceptable. All new commercial and public buildings over 1 000sq m must be designed, constructed and tested for airtightness. Itemises what to look for when inspecting a new building, and gives guidance on the design of air barriers. Concludes that at present over 50% of buildings would fail to comply with Part L, but suggests total compliance can be achieved by bearing in mind the issue of airtightness at all stages of the building process. |
| 650 ## - SUBJECT ADDED ENTRY--TOPICAL TERM | |
| Topical term or geographic name entry element | AIRTIGHTNESS |
| 650 ## - SUBJECT ADDED ENTRY--TOPICAL TERM | |
| Topical term or geographic name entry element | BUILDING REGULATIONS |
| 9 (RLIN) | 6224 |
| 650 ## - SUBJECT ADDED ENTRY--TOPICAL TERM | |
| Topical term or geographic name entry element | BUILDING REGULATIONS 2000 APPROVED DOCUMENT L2 (2002 EDITION) |
| 650 ## - SUBJECT ADDED ENTRY--TOPICAL TERM | |
| Topical term or geographic name entry element | AIR LEAKAGE |
| 690 ## - LOCAL SUBJECT ADDED ENTRY--TOPICAL TERM (OCLC, RLIN) | |
| Topical term or geographic name as entry element | BUILT ENVIRONMENT-BUILDING STANDARDS |
| 942 ## - ADDED ENTRY ELEMENTS (KOHA) | |
| Suppress in OPAC | 0 |
| Withdrawn status | Lost status | Source of classification or shelving scheme | Damaged status | Not for loan | Home library | Current library | Shelving location | Date acquired | Total Checkouts | Full call number | Barcode | Date last seen | Copy number | Price effective from | Koha item type |
|---|---|---|---|---|---|---|---|---|---|---|---|---|---|---|---|
| Dewey Decimal Classification | London | London | Journal article | 17/01/2003 | X121053 | 121053-1001 | 06/08/2019 | 1 | 06/08/2019 | Journal article |